Introducing Einstein's Relativity

Tallennettuna:
Bibliografiset tiedot
Päätekijä: D'Inverno, Ray (Tekijä)
Aineistotyyppi: Kirja
Kieli:englanti
Julkaistu: Nueva York Clarendon Press 1992
Aiheet:
Tagit: Lisää tagi
Ei tageja, Lisää ensimmäinen tagi!

MARC

LEADER 00000nam a2200000 a 4500
001 UCH1683
003 CL-VaPUC
008 090507e19920000US |||||||||||||||||eng|d
020 |a 0198596863 
082 0 4 |a 530.11  |b DIN  |2 21 
100 0 |a D'Inverno, Ray  |e author  |9 536141 
245 1 0 |a Introducing Einstein's Relativity 
300 |a 383 p 
942 |c BK 
945 |d 20090507 00:00:00  |a dcastane 
260 |a Nueva York  |b Clarendon Press  |c 1992 
600 0 |a Einstein, Albert   |e autor  |9 266229 
650 0 |a Relatividad especial (Física)  |9 319207 
650 0 |a Teoría de la relatividad   |9 266149 
583 |a last modification  |c 20111003 04:39:03  |k Rodrigo Vera 
999 |c 333598  |d 333596 
952 |0 0  |1 0  |4 0  |6 530_110000000000000_DIN_1992  |7 0  |8 A  |9 422130  |a BIBCUR  |b BIBCUR  |d 2019-11-22  |i 4542819  |l 6  |m 1  |o 530.11 DIN 1992  |p 4542819  |r 2025-04-22  |s 2022-05-02  |w 2019-11-22  |y BK  |k FIS